00482nam a2200145 a 450000100100000000500170001000800410002704000250006808200080009310000250010124501130012626000430023930000360028270000180031800004018020201002033951.0130813s1982 fr ac 000 0 spa d aDO-SdBNPbspacBNPHU axxx1 aVan Der Kemp, Gerald10aVersalles :bguía paseo /cGerald Van Der Kemp, Daniel Meyer ; versión española Brigitte Buzon- Marre. aParís :bEditions D´Art Lys,c1982. a128 p. :bil., retrs. ;c21 cm.1 aMeyer, Daniel